Pénzügyi folyamatok folytonos időben
Elmentve itt :
| Szerző: | |
|---|---|
| Dokumentumtípus: | Könyv |
| Megjelent: |
2017
|
| Kulcsszavak: | pénzügy matematika |
| Tárgyszavak: | |
| Online Access: | http://eta.bibl.u-szeged.hu/1777 |
| LEADER | 00609nnm a2200205 i 4500 | ||
|---|---|---|---|
| 001 | eta1777 | ||
| 005 | 20190205055238.0 | ||
| 008 | 190205s2017 hu o 0|| hun d | ||
| 040 | |a SZTE Elektronikus Tananyag Archívum |b hun | ||
| 041 | |a hun | ||
| 100 | 1 | |a Kevei Péter | |
| 245 | 1 | 0 | |a Pénzügyi folyamatok folytonos időben |h [elektronikus dokumentum] / |c Kevei Péter |
| 260 | |c 2017 | ||
| 300 | |a 68 | ||
| 516 | |a Book | ||
| 650 | 4 | |a Természettudományok | |
| 650 | 4 | |a Matematika | |
| 695 | |a pénzügy | ||
| 695 | |a matematika | ||
| 856 | 4 | 0 | |u https://eta.bibl.u-szeged.hu/1777/1/folytonosjegyzet.pdf |z Dokumentum-elérés |